Most Visited American Countries Quiz Stats

 Plays Quiz Updated Sep 14, 2016

Challenge
Share
Tweet
Embed
Score 0/10 Timer 02:00
10 Plays Today
Visitors in Millions Country % Correct
77.5United States
99.1%
32.1Mexico
98.9%
18.0Canada
98.2%
6.3Brazil
95.6%
5.7Argentina
92.7%
4.5Chile
88.1%
3.5Peru
85.8%
3.5Cuba
78.3%
3.0Colombia
78%
5.6Dominican Republic
56.6%

You're not logged in!

Compare scores with friends on all Sporcle quizzes.
Join for Free
OR
Log In

You Might Also Like...

Show Comments

Extras

Top Quizzes Today


Score Distribution

Your Account Isn't Verified!

In order to create a playlist on Sporcle, you need to verify the email address you used during registration. Go to your Sporcle Settings to finish the process.

Report this User

Report this user for behavior that violates our Community Guidelines.

Details: